DESIGN THINKING (Record no. 32283)

MARC details
000 -LEADER
fixed length control field 00341nam a22001457a 4500
003 - CONTROL NUMBER IDENTIFIER
control field SGT
020 ## - INTERNATIONAL STANDARD BOOK NUMBER
International Standard Book Number 9781350305069
082 ## - DEWEY DECIMAL CLASSIFICATION NUMBER
Classification number 747
Item number CRO
100 ## - MAIN ENTRY--PERSONAL NAME
Personal name CROSS NIGEL
245 ## - TITLE STATEMENT
Title DESIGN THINKING
Remainder of title UNDERSTANDING HOW DESIGNERS THINK AND WORK
250 ## - EDITION STATEMENT
Edition statement 2ND
260 ## - PUBLICATION, DISTRIBUTION, ETC. (IMPRINT)
Place of publication, distribution, etc LONDON
Name of publisher, distributor, etc BLOOMSBURY
Year of Publication 2023
300 ## - PAGE DESCRIPTION
No. of Pages 187
942 ## - ADDED ENTRY ELEMENTS (KOHA)
Source of classification or shelving scheme Dewey Decimal Classification
Koha item type Books
Holdings
Withdrawn status Lost status Source of classification or shelving scheme Damaged status Not for loan Home library Current library Shelving location Date acquired Vendor Name Cost, normal purchase price SGTU Bill Number Total Checkouts Full call number Accession No. (Barcode) Date last seen Bill Date Koha item type
    Dewey Decimal Classification   Not For Loan SGT Science & Social Sciences Library SGT Science & Social Sciences Library Reference Book 20/08/2025 BRIJWASI DELHI 2090.26 SGTU BW/000225   747 CRO FF844 20/08/2025 25/07/2025 Books
    Dewey Decimal Classification   Not For Loan SGT Science & Social Sciences Library SGT Science & Social Sciences Library Reference Book 18/11/2025 BIRJWASI   SGTU BW/000232   747 CRO FF857 18/11/2025 06/10/2025 Books